| 000 | 00830nas a2200265 4500 | ||
|---|---|---|---|
| 001 | BR0601941 | ||
| 003 | BR-BrBNA | ||
| 005 | 20231205110004.0 | ||
| 007 | ta | ||
| 008 | 230509b bl.|||p| |||| 00| 00por d | ||
| 040 |
_aBR-BrBNA _bpor _cBiblioteca Nacional de Agricultura |
||
| 041 | _a(Pt) | ||
| 072 | _aH10 | ||
| 100 | 1 | _aLutinski, J.A. | |
| 100 | 1 | _aLutinski, C.J. | |
| 100 | 1 | _aGarcia, F.R.M. | |
| 245 | 1 | _aPrimeiro registro de Glycaspis brimblecombei Moore 1964, (Hemiptera: Psyllidae)em Eucalipto no Estado de Santa Catarina, Brasil | |
| 650 | _aEUCALIPTO | ||
| 650 | _aINSETO | ||
| 650 | _aPRAGA DE PLANTA | ||
| 650 | _aSANTA CATARINA | ||
| 773 | 0 |
_tCiência Rural (Brazil) _xISSN 0103-8478 _g(Mar-Apr 2006), v. 36(2) p. 653-655 _wBR0601941 |
|
| 909 |
_a202311 _bLúcia _c55 _dLúcia Elande |
||
| 942 |
_2AGRIS _n0 _cANA |
||
| 999 |
_c185703 _d185703 |
||